The Office (US) Super Fan Quiz - Statistics

General Stats
  • This quiz has been taken 1,951 times
    1,938 since last reset
  • The average score is 13 of 24
Answer Stats
Hint Answer % Correct
Who plays the role Goldenface in Michael's film "Threat Level Midnight"? Jim Halpert
91%
Which "weapon" did Andy use against Dwight in Season 5 Episode "The Duel"? Car
86%
What is Jim and Pam's daughter named? Cecelia
84%
What was the name of David Wallace's invention that he sold? Suck It
84%
What sport did Pam play in high school? Volleyball
80%
What is the name of Kevin's band? Scrantonicity
69%
What is the name of Angela's cat that Dwight killed? Sprinkles
69%
What is the occupation of Meredith's son? Stripper
65%
What branch does Karen Filippelli manage? Utica
63%
Who did Michael propose to in the Season 3 episode "Diwali"? Carol Stills
62%
What did Ryan burn to cause the office fire in Season 2 episode "The Fire" Cheesy pita
57%
What is Michael's favorite flavor of ice cream? Mint Chocolate Chip
53%
What job did Kevin Malone initially apply for? Warehouse
52%
What city did Michael move to at the end of Season 7? Boulder
48%
What is the name of the book Michael is writing? Somehow I Manage
48%
What is winning team in the Season 8 episode "Trivia"? The Einsteins
44%
What gift did Robert California bring for Andy in the Season 8 episode "Garden Party"? Basil plant
33%
What is the name of Andy's paper company? Big Red Paper
31%
What is the name of Michael's step dad? Jeff
30%
What is the name of the school that Pam studied art at? Pratt Institute
30%
Where did Jim and Pam go for their Honeymoon? Puerto Rico
30%
What is Creed's biggest fear? Snakes
30%
What type of food does Ernestos's food truck make in the Season 8 episode "Jury Duty"? Empanadas
28%
What is Dwight's brother named? Jeb Schrute
20%
No matching quizzes found
Score Distribution
Percent of People with Each Score
Percentile by Number Answered
Your Score History
You have not taken this quiz since the last reset